| Tag |
First Indicator |
Second Indicator |
Subfields |
| LEADER |
00000cam a2200000 a 4500 |
| 001 |
in00000013719 |
| 005 |
20151007052420.0 |
| 008 |
870522s1987 enk b 00110 eng |
| 010 |
|
|
|a 87015915
|
| 020 |
|
|
|a 0709938861
|
| 035 |
|
|
|a (OCoLC)16094025
|
| 035 |
|
|
|9 AAA7687AM
|
| 040 |
|
|
|a DLC
|c DLC
|d TXA
|d UtOrBLW
|
| 049 |
|
|
|a TXAM
|c [A11486965]
|
| 050 |
0 |
0 |
|a P106
|b .G66 1987
|
| 082 |
0 |
|
|a 401
|2 19
|
| 100 |
1 |
|
|a Grace, George William,
|d 1921-
|
| 245 |
1 |
4 |
|a The linguistic construction of reality /
|c George W. Grace.
|
| 264 |
|
1 |
|a London ;
|a New York :
|b Croom Helm,
|c [1987]
|
| 264 |
|
4 |
|c ©1987
|
| 300 |
|
|
|a 152 pages ;
|c 23 cm.
|
| 336 |
|
|
|a text
|b txt
|2 rdacontent
|
| 337 |
|
|
|a unmediated
|b n
|2 rdamedia
|
| 338 |
|
|
|a volume
|b nc
|2 rdacarrier
|
| 500 |
|
|
|a "Published in the USA by Croom Helm in association with Methuen, Inc."--Title page verso.
|
| 504 |
|
|
|a Bibliography: pages 144-148.
|
| 500 |
|
|
|a Includes index.
|
| 650 |
|
0 |
|a Language and languages
|x Philosophy.
|
| 650 |
|
0 |
|a Sapir-Whorf hypothesis.
|
| 999 |
|
|
|a MARS
|
| 999 |
f |
f |
|s 87d29ba0-5d02-37f3-8860-ed1e9f3a1794
|i 8705900a-5cba-348e-a9ce-4f106d6d5e3d
|t 0
|
| 952 |
f |
f |
|p normal
|a Texas A&M University
|b College Station
|c Sterling C. Evans Library
|d Evans: Library Stacks
|t 0
|e P106 .G66 1987
|h Library of Congress classification
|i unmediated -- volume
|m A14811486965
|
| 998 |
f |
f |
|a P106 .G66 1987
|t 0
|l Evans: Library Stacks
|